000 00615nam a2200217Ia 4500
005 20250923150013.0
008 008 250917s9999 xx 000 0 eng d
037 _aTextual
040 _aDSWL
_beng
_cDSWL
041 _aeng
_2eng
084 _aY15:4375.2'N47, N98
_qDSWL
100 _aMenon, Ritu
_9841186
245 0 _aBorders and Boundaries
_c by Ritu Menon
260 _aNew Delhi
_bKali for Women
_c1998
300 _axiii,274 p.
365 _aINR
_b300.00
700 _a K. Bhasin
_9841187
925 _g300.00
942 _cTEXL
_hY15:4375.2'N47, N98
999 _c1458388
_d1458388